Čo je vhodné vedieť o mykobaktériách?

Bibliographic Details
Main Authors: Švejnochová, Mária (Author), Gottwaldová, B. (Author)
Format: Article
Language:Slovak
PhysicalDescription:Obr. 2, tab. 2, lit. 7 zázn.
ISSN:0371-2222
Subjects:

MARC

LEADER 00000nab a2200000 a 4500
001 vtls000622435
003 SK-MaSNL
005 20260304003301.0
008 160401c1997 xo 0 slo
015 |a SNBRB19rr/mm-uuuuu 
035 |a CL0622574 
040 |a SNKBUCL  |b slo  |c SNKBUCL  |e AACR2 
041 0 |a slo 
044 |a xo  |c SK 
080 |a 579.873.2  |2 1981 
080 |a 616.982.21  |2 1981 
100 1 |a Švejnochová, Mária  |4 aut  |9 9936 
245 1 0 |a Čo je vhodné vedieť o mykobaktériách?  |c Mária Švejnochová, B. Gottwaldová 
300 |b Obr. 2, tab. 2, lit. 7 zázn. 
650 0 7 |a mykobaktérie  |2 snkbucl  |9 21357 
655 7 |a články z novín a časopisov  |2 snkbucl  |9 267496 
700 1 |a Gottwaldová, B.  |4 aut  |9 892299 
773 0 |x 0371-2222  |t Studia pneumologica et phtiseologica  |g Roč. 57, č. 1 (1997), s. 41-45 
850 |a Slovenská národná knižnica v Martine  |a MTA001 
852 |a SNK  |b KIS3GCP 
958 |a RK 
958 |a RBX 
999 |c 2546513  |d 2548443